000 00543nam a2200217 454500
001 079470
003 BD-ChCU
008 Eng
020 _ax
040 _aDLC
_cDLC
_dBD-ChCU
082 0 0 _a156.315/MEC
100 1 _ax
_bx
245 1 0 _aMechanisma of learning and motivation: memorial volume to Jerzy Konoraski
_bx
250 _ax
260 _aN. Y.
_bWiley
_c1979
300 _axiii, 468p
504 _a
650 0 _aLearning Psychology of.
_bMotivation
700 1 _aAnthony Dickinson Rebert A. Boakes
942 _2ddc
_cBK
999 _c79470
_d79470